000 00701nam a2200265 i 4500
001 C2-0229176
003 PPAK
005 20180728160022.0
008 000920s1982 my a|||| ||||| | may d
020 _a9676503746
040 _aPPAK
_beng
_cPPAK
_erda
082 0 4 _a641
_223
090 0 0 _a641
_bJEN
_dRK
100 1 _aJennings, Terry,
_eauthor
245 1 0 _aMakanan
264 1 _aSelangor :
_bFajar Bakti ,
_c1982
300 _a32 pages :
_bcolour illustrations ;
_c28 cm
336 _2rdacontent
_atext
337 _2rdamedia
_aunmediated
338 _2rdacarrier
_avolume
490 1 _aSaintis muda menyelidik
650 1 0 _aFood.
830 0 _aSaintis muda menyelidik
942 _ddc
_cB
999 _c148859
_d148859